Ft.com

Bibliographic Details
Corporate Author: Financial Times Limited
Format: Electronic Serial
Language:English
Published: [London] : Financial Times Limited
Subjects:
Online Access:Full text available from Research Library: 10/29/2001 to 1 month ago

MARC

LEADER 00000nas a2200000 a 4500
001 ssj0000613770
003 WaSeSS
005 20200512172242.0
006 m d
007 cr n
008 060630cuuuu9999enk r os 0 a0eng d
035 |a (WaSeSS)ssj0000613770 
040 |a WaSeSS  |c WaSeSS  |d WaSeSS 
050 4 |a HG11 
245 0 0 |a Ft.com  |h [electronic resource]. 
246 1 |a Financial times dot com 
260 |a [London] :  |b Financial Times Limited 
500 |a The UK, Asia, Europe, India, Middle East, and US editions are all available and searchable at ft.com. Presentation of content varies by region. 
506 |a License restrictions may limit access. 
588 |a Description based on: April 4, 2012; title from help page (publisher's website, viewed April 4, 2012). 
588 |a Latest issue consulted: April 4, 2012 (viewed April 4, 2012). 
650 0 |a Business  |v Newspapers. 
650 0 |a Finance  |v Newspapers. 
655 0 |a Electronic journals. 
710 2 |a Financial Times Limited. 
787 0 8 |i Print version serial:   |t Financial times (London, England)   |x 0307-1766  |w (DLC)sn 83016421 
856 4 0 |z Full text available from Research Library: 10/29/2001 to 1 month ago  |u https://search.proquest.com/publication/26316